000 00342nam a2200157Ia 4500
003 Ost
005 20260225132538.0
008 260225s9999||||xx |||||||||||||| ||und||
040 _cfsic
041 _afre
082 _a791.43
100 _aMohamed chouikh
_eAuteur
245 0 _aScénario /
245 0 _cMohamed chouikh
942 _cكتاب
999 _c33355
_d33355